000 00696nam a2200241 a 4500
001 45467
003 BD-RjUL
005 20211209054022.0
008 160726s1965 enk b 00110 eng d
035 _a(BD-RjUL)45585
_a(CStRLIN)DCLC6851859-B
040 _aBD-RjUL
_beng
_cBD-RjUL
041 _aeng
082 _a339.2
_bYAS 1965
100 1 0 _aYanovsky, M.
_913791
245 1 0 _aSocial accounting systems /
_cby M. Yanovsky.
260 0 _aChicago :
_bAldine Publishing Company,
_c1965
300 _ax, 237 p. ;
_c21 cm.
504 _aIncludes index.
504 _aBibliography: p. 230-234.
650 0 _aNational income
_xAccounting.
_95988
942 _2ddc
_cBK
999 _c45467
_d45467